| 000 | 00498nam a2200193 a 4500 | ||
|---|---|---|---|
| 005 | 20250322063754.0 | ||
| 008 | 991125s1976 bue 000 0 spa u | ||
| 035 | _aUPN01000012286 | ||
| 049 | _aCG | ||
| 050 | 4 | _aLC191 G5.2 | |
| 100 | 1 | _aGintis, Herbert | |
| 245 | 1 | 0 |
_aCrÃtica de Juan Ilich y el ilichismo / _cGintis |
| 260 |
_aBuenos Aires : _bCuervo, _c1976 |
||
| 300 | _a52 p | ||
| 440 | 0 |
_aCuervo; _v18 |
|
| 650 | 4 |
_aEducación y sociedad _96876 |
|
| 904 |
_aAC _b012287 |
||
| 905 | _aLibro | ||
| 999 |
_c12286 _d12286 |
||